000 00491nam a2200181Ia 4500
008 131103s9999 xx 000 0 und d
020 _cRs.14
040 _aLoreto College
041 _aEnglish
082 _a910.7/BHA
_bLCBED/10414
100 _aBhattacharya, Bhujanga Bhushan
245 _aMethod of teaching Geography
_cBhujanga Bhushan Bhattacharya
260 _aKolkata
_bD N B
_c1978
300 _a92p.
_c 23cm.
650 _aGeography
850 _aLCBED/910.7/BHA
942 _cBK
999 _c29344
_d79823